000 00615nam a2200229Ia 4500
003 OSt
005 20221006164411.0
006 a|||||r|||| 00| 0
007 ta
008 221006b |||||||| |||| 00| 0 eng d
024 _a227
037 _cTextual
040 _aFML
_cFML
_beng
041 _2eng
_aeng
082 _aRC, K0
100 _aChatterji Satish Chandra Au.
_9677374
245 0 _aAn Introduction To Indian Philosophy
260 _aKolkata
_bUniversity Press
_c1960
300 _a437
_ccm.
942 _hRC, K0
_cTEXL
_2CC
999 _c1117138
_d1117138